000 00218 a2200097 4500
001 42191
100 _aWebster A M W
245 _aNew Practical Dictionary
260 _a
_bG & C Merriam Co.
_c
090 _c26177
_d26177
942 _aNUST-CAE
_cM
_c17977
999 _c277264
_d277264